Sử thi Mơ Nông
Sơ lược quá trình sưu tầm, nghiên cứu sử thi Mơ Nông; đại cương về tộc người Mơ Nông; thi pháp trong sử thi Mơ Nông... Giới thiệu tác phẩm "Kể gia phả sử thi - ot ndrong" bản phiên âm tiếng Mơ Nông và bản dịch tiếng Việt....
Gespeichert in:
| 1. Verfasser: | |
|---|---|
| Format: | Buch |
| Sprache: | Undetermined |
| Veröffentlicht: |
Hà Nội
Khoa học - Xã hội
2014
|
| Schlagworte: | |
| Tags: |
Tag hinzufügen
Keine Tags, Fügen Sie den ersten Tag hinzu!
|
| Thư viện lưu trữ: | Trung tâm Học liệu Trường Đại học Cần Thơ |
|---|
| LEADER | 00990nam a2200193Ia 4500 | ||
|---|---|---|---|
| 001 | CTU_209674 | ||
| 008 | 210402s9999 xx 000 0 und d | ||
| 082 | |a 895.931032 | ||
| 082 | |b K600/Q.1 | ||
| 100 | |a Đỗ, Hồng Kỳ | ||
| 245 | 0 | |a Sử thi Mơ Nông | |
| 245 | 0 | |c Đỗ Hồng Kỳ (Chủ biên) ; Vũ Quang Dũng (Biên soạn) | |
| 260 | |a Hà Nội | ||
| 260 | |b Khoa học - Xã hội | ||
| 260 | |c 2014 | ||
| 520 | |a Sơ lược quá trình sưu tầm, nghiên cứu sử thi Mơ Nông; đại cương về tộc người Mơ Nông; thi pháp trong sử thi Mơ Nông... Giới thiệu tác phẩm "Kể gia phả sử thi - ot ndrong" bản phiên âm tiếng Mơ Nông và bản dịch tiếng Việt. | ||
| 650 | |a Văn học sử thi Việt Nam,Epic literature, Vietnamese | ||
| 904 | |i Nguyễn Thị Phương Thảo,Hải | ||
| 980 | |a Trung tâm Học liệu Trường Đại học Cần Thơ | ||